ბათუმის შოთა რუსთაველის სახელმწიფო უნივერსიტეტის ბიბლიოთეკა

Микроэлементы в жизни растений и животных: труды конференции по микроэлементам. 1950 (ბიბ.ჩანაწერი № 45026)

000 -LEADER
fixed length control field 00700nam a2200181Ia 4500
001 - CONTROL NUMBER
control field 11847
003 - CONTROL NUMBER IDENTIFIER
control field GE_BSU
008 - FIXED-LENGTH DATA ELEMENTS--GENERAL INFORMATION
fixed length control field 181216s||||||||xx |||||||||||||| ||und||
040 ## - CATALOGING SOURCE
Transcribing agency GE_BSU
245 ## - TITLE STATEMENT
Title Микроэлементы в жизни растений и животных: труды конференции по микроэлементам. 1950
245 ## - TITLE STATEMENT
Statement of responsibility, etc. Ред.ком.Н.А.Максимов
260 ## - PUBLICATION, DISTRIBUTION, ETC.
Place of publication, distribution, etc. Москва
260 ## - PUBLICATION, DISTRIBUTION, ETC.
Name of publisher, distributor, etc. Акад. наук СССР
260 ## - PUBLICATION, DISTRIBUTION, ETC.
Date of publication, distribution, etc. 1952
300 ## - PHYSICAL DESCRIPTION
Extent 614стр.27см.
653 ## - INDEX TERM--UNCONTROLLED
Uncontrolled term Микроэлементы в жизни растений и животных: труды конференции по микроэлементам
942 ## - ADDED ENTRY ELEMENTS (KOHA)
Koha item type წიგნი
ეგზემპლარები
Withdrawn status Lost status Damaged status Not for loan Date acquired Barcode Date last seen Price effective from Koha item type
        2018-12-17 20439 2018-12-17 2018-12-17 წიგნი